| 000 | 00000nam##2200000za#4500 |
| 001 | 9.600623 |
| 003 | CaOODSP |
| 005 | 20210624205656 |
| 007 | cr ||||||||||| |
| 008 | 150406|2003||||xxc|||||o f|0| 0 fre|d |
| 040 | |aCaOODSP|bfre |
| 043 | |an-cn--- |
| 086 | 1 |aNH18-1/9-2003F-PDF |
| 110 | 2 |aSociété canadienne d'hypothèques et de logement. |
| 245 | 10|aAnalyse de l'environnement : |h[ressource électronique]|butilisation et efficacité de l'information géographique dans le secteur de l'habitation canadien : rapport final |
| 260 | |aOttawa - Ontario : |bSociété canadienne d'hypothèques et de logement |c2003. |
| 300 | |a184p.|bcarte en couleur, figure, graphiques, références, tableaux |
| 490 | 1 |aRapport de recherche |
| 590 | |a11-08-Supp|b2011-06-16 |
| 775 | 08|tEnvironmental scan on the use and effectiveness of geographic information in the housing sector in Canada : |w(CaOODSP)9.569526 |
| 830 | #0|aResearch report (Société canadienne d'hypothèques et de logement : En ligne)|w(CaOODSP)9.502470 |
| 856 | 40|ahttp://publications.gc.ca|qPDF|s1.77 Mo|uhttps://publications.gc.ca/collections/collection_2011/schl-cmhc/nh18-1/NH18-1-9-2003-fra.pdf |